Statistics for Northern Districts International Cricketers

Click here to take the quiz!

General Stats

  • This quiz has been taken 39 times
    (35 since last reset)
  • The average score is 81 of 89

Answer Stats

International Team Player % Correct
New ZealandChris Kuggeleijn
100%
New ZealandMatthew Hart
100%
New ZealandColin de Grandhomme
100%
New ZealandGraeme Aldridge
100%
New ZealandAnton Devcich
100%
New ZealandIsh Sodhi
100%
New ZealandMitchell Santner
100%
New ZealandEric Petrie
100%
New ZealandRobbie Hart
100%
New ZealandLance Cairns
100%
Zimbabwe, EnglandGraeme Hick
100%
New ZealandDion Nash
100%
New ZealandBruce Martin
100%
New ZealandGeoff Howarth
100%
New ZealandJames Marshall
100%
New ZealandHamish Marshall
100%
New ZealandTim Southee
100%
New ZealandRichard de Groen
100%
New ZealandChris Cairns
100%
New ZealandTrent Boult
100%
New ZealandCorey Anderson
100%
New ZealandRobert Anderson
100%
New ZealandJohn Wright
100%
New ZealandKane Williamson
100%
New ZealandNeil Wagner
100%
New ZealandDaniel Vettori
100%
New ZealandScott Kuggeleijn
100%
New ZealandGrant Bradburn
100%
New ZealandDean Brownlie
100%
New ZealandAlex Tait
100%
New ZealandWynne Bradburn
100%
New ZealandBrendon Bracewell
100%
New ZealandBlair Pocock
92%
New ZealandMurphy Su'a
92%
New ZealandAndrew Mathieson
92%
EnglandMatthew Maynard
92%
New ZealandTarun Nethula
92%
New ZealandTim Seifert
92%
IrelandKevin O'Brien
92%
New ZealandDaryl Tuffey
92%
New ZealandScott Styris
92%
New ZealandJohn Parker
92%
New ZealandAdam Parore
92%
New ZealandShane Thomson
92%
South AfricaKyle Abbott
92%
New ZealandBryan Young
92%
New ZealandGareth Hopkins
92%
Sri LankaTillakaratne Dilshan
92%
South AfricaHerschelle Gibbs
92%
New ZealandDaniel Flynn
92%
New ZealandMatthew Bell
92%
New ZealandMark Bailey
92%
New ZealandLlorne Howell
92%
AustraliaDavid Hussey
92%
New ZealandDavid White
85%
New ZealandBJ Watling
85%
AustraliaDavid Warner
85%
AustraliaTravis Birt
85%
NetherlandsRoger Bradley
85%
New ZealandIan Butler
85%
New ZealandRichard Collinge
85%
EnglandAndrew Strauss
85%
New ZealandBrent Arnel
85%
AustraliaBen Laughlin
85%
New ZealandSimon Doull
85%
EnglandChris Jordan
85%
New ZealandMike Shrimpton
85%
New ZealandRoydon Hayes
85%
New ZealandAllen Lissette
85%
New ZealandDaryl Mitchell
85%
New ZealandTom Puna
85%
New ZealandRonnie Hira
85%
New ZealandJohn Guy
85%
EnglandJames Foster
85%
New ZealandStu Gillespie
85%
West IndiesBruce Pairaudeau
77%
New ZealandDon Beard
77%
New ZealandKen Hough
77%
EnglandMartin Horton
77%
New ZealandBob Cunis
77%
NetherlandsTimm van der Gugten
77%
AustraliaBrad Hodge
77%
New ZealandBert Sutcliffe
77%
New ZealandRoger Twose
77%
New ZealandGlenn Turner
77%
AustraliaChris Tremain
77%
New ZealandBruce Blair
77%
New ZealandAndy Roberts
77%
New ZealandPeter McGlashan
69%

Score Distribution

Percentile by Number Answered

Percent of People with Each Score

Your Score History

You have not taken this quiz since the last reset